[Event "It"]
[Site "?"]
[Date "2005.04.06"]
[Round "6"]
[White "Felgaer Ruben"]
[Black "Azmaiparashvili Zurab"]
[Result "1/2-1/2"]
[WhiteElo "2593"]
[BlackElo "2671"]
[PlyCount "141"]
[EventDate "2005.??.??"]
[Source "www.chesslib.no"]
[SourceDate "2004.05.04"]

1. e4 c6 2. Nc3 d5 3. Nf3 Nf6 4. e5 Ne4 5. Ne2 Qb6 6. d4 f6 7. Nf4 Bg4 8. Be2 Nd7 9. e6 Ne5 10. h3 g5 11. hxg4 gxf4 12. Nh4 Bh6 13. Nf5 Bg5 14. f3 Nd6 15. Ng7+ Kd8 16. dxe5 fxe5 17. b3 Rg8 18. Nh5 Nf5 19. Qd3 Nh4 20. Bf1 Qb4+ 21. Bd2 Qd6 22. O-O-O h6 23. Re1 Kc7 24. Qc3 e4 25. fxe4 d4 26. Qd3 Raf8 27. Kb1 Ng6 28. e5 Nxe5 29. Qe2 Nxg4 30. Qxg4 f3 31. Bxg5 Rxg5 32. Qe4 Ra5 33. a4 Kc8 34. Bc4 b5 35. Bxb5 cxb5 36. Qa8+ Qb8 37. Qxb8+ Kxb8 38. gxf3 bxa4 39. bxa4 Rxf3 40. Re4 Rxa4 41. Rd1 Re3 42. Re1 Rea3 43. Kc1 Rc4 44. Nf4 Kc7 45. Kd2 Kd6 46. Ne2 Kd5 47. Nf4+ Kd6 48. Ne2 Kd5 49. Nc1 a5 50. Re5+ Kd6 51. Rb5 Rac3 52. Rb2 Rg3 53. Re2 h5 54. Rb6+ Rc6 55. Rb7 Re3 56. Rd7+ Kxe6 57. Rxd4 Rxe2+ 58. Nxe2 Ra6 59. Nf4+ Kf5 60. Nxh5 a4 61. Ng3+ Ke5 62. Re4+ Kd5 63. Rxe7 a3 64. Re1 Kc4 65. Ne4 Re6 66. Ke3 a2 67. Rd1 Re8 68. Ra1 Kd5 69. Rd1+ Kc4 70. Rd4+ Kb5 71. Rd1 1/2-1/2

[Event "60th ch-RUS Higher League"]
[Site "Krasnoyarsk RUS"]
[Date "2007.09.10"]
[Round "7"]
[White "Vorobiov, E."]
[Black "Landa, K."]
[Result "1/2-1/2"]
[WhiteElo "2572"]
[BlackElo "2669"]
[PlyCount "29"]
[EventDate "2007.09.03"]
[Source "www.chesslib.no"]
[SourceDate "2004.05.04"]

1. e4 c6 2. Nc3 d5 3. Nf3 dxe4 4. Nxe4 Nd7 5. Bc4 Ngf6 6. Neg5 Nd5 7. d4 h6 8. Ne4 N7b6 9. Bd3 Nb4 10. Be2 Bf5 11. a3 Bxe4 12. axb4 e5 13. Nxe5 Bxb4+ 14. c3 Bd6 15. O-O 1/2-1/2

[Event "Europa ch 2008"]
[Site "Plovdiv BUL"]
[Date "2008.04.24"]
[Round "4.18"]
[White "Stevic, Hrvoje"]
[Black "Najer, Evgeniy"]
[Result "1-0"]
[WhiteElo "2571"]
[BlackElo "2627"]
[PlyCount "147"]
[EventDate "2008.04.21"]
[Source "www.chesslib.no"]
[SourceDate "2004.05.04"]

1. e4 c6 2. Nc3 d5 3. d3 e5 4. g3 Bb4 5. Bd2 d4 6. Nce2 Bxd2+ 7. Qxd2 c5 8. f4 Nc6 9. Nf3 f6 10. Bg2 Nh6 11. h3 Qe7 12. O-O Bd7 13. c4 Nf7 14. f5 a6 15. g4 b5 16. b3 bxc4 17. bxc4 Kd8 18. Rab1 Kc7 19. Rb2 Rhb8 20. Rfb1 Qd8 21. Nc1 Rxb2 22. Rxb2 Rb8 23. Bf1 Kd6 24. Be2 Rxb2 25. Qxb2 Ng5 26. Nxg5 fxg5 27. Kf2 Qa5 28. Nb3 Qb4 29. Qc1 h6 30. h4 Qc3 31. Qa3 Qb4 32. Qxa6 gxh4 33. Qa8 Qb8 34. Qxb8+ Nxb8 35. Kg2 Ba4 36. Nd2 Nc6 37. Nf3 Nb4 38. a3 Nc2 39. Kh3 Nxa3 40. Kxh4 Nb1 41. g5 Nc3 42. Bf1 hxg5+ 43. Kxg5 Bd1 44. Ne1 Ke7 45. Kg6 Kf8 46. f6 gxf6 47. Kxf6 Bg4 48. Kxe5 Ke7 49. Bg2 Be2 50. Bf3 Bf1 51. Bg4 Na4 52. Kd5 Nb2 53. Kxc5 Bxd3 54. Nxd3 Nxd3+ 55. Kxd4 Nb4 56. e5 Nc6+ 57. Ke4 Nb4 58. c5 Kd8 59. Bd1 Nc6 60. Ba4 Ne7 61. e6 Ng8 62. Ke5 Kc7 63. Bb5 Kd8 64. Kd6 Ne7 65. Bd3 Nc8+ 66. Ke5 Kc7 67. Kf6 Kd8 68. Be4 Ke8 69. Bc6+ Kd8 70. Kf7 Ne7 71. Be4 Nc8 72. Kf8 Ne7 73. c6 Nc8 74. Bg2 1-0

[Event "IX Camp. europeo"]
[Site "Plovdiv BUL"]
[Date "2008.04.25"]
[Round "5"]
[White "Jovanovic, Zo CRO"]
[Black "Asrian, K."]
[Result "1/2-1/2"]
[WhiteElo "2546"]
[BlackElo "2630"]
[PlyCount "30"]
[EventDate "2008.04.21"]
[Source "www.chesslib.no"]
[SourceDate "2004.05.04"]

1. e4 c6 2. Nc3 d5 3. Nf3 dxe4 4. Nxe4 Nf6 5. Nxf6+ exf6 6. Bc4 Bd6 7. Qe2+ Qe7 8. Qxe7+ Kxe7 9. O-O Re8 10. Re1+ Kf8 11. Rxe8+ Kxe8 12. d4 Bf5 13. c3 Nd7 14. Bd2 Nb6 15. Bb3 a5 1/2-1/2

[Event "Moscow RUS"]
[Site "?"]
[Date "2005.02.21"]
[Round "7"]
[White "Azarov Sergei"]
[Black "Izoria Zviad"]
[Result "1-0"]
[WhiteElo "2565"]
[BlackElo "2607"]
[PlyCount "79"]
[EventDate "2005.??.??"]
[Source "www.chesslib.no"]
[SourceDate "2004.05.04"]

1. e4 c6 2. Nc3 d5 3. Nf3 a6 4. d4 Bg4 5. Bd3 e6 6. h3 Bh5 7. Qe2 Be7 8. Bf4 Nf6 9. O-O-O Bg6 10. e5 Bxd3 11. cxd3 Nfd7 12. Kb1 c5 13. dxc5 Nxc5 14. d4 Ncd7 15. h4 Nc6 16. h5 Nb6 17. Rh3 h6 18. Rg3 Bf8 19. Be3 Rc8 20. Nd2 Na5 21. Rc1 Nbc4 22. Nxc4 Nxc4 23. f4 Qa5 24. Bf2 Rc6 25. Ka1 Bb4 26. Be1 Rg8 27. f5 exf5 28. Nxd5 Bxe1 29. Nf6+ Kf8 30. Nd7+ Ke7 31. Rxe1 Kxd7 32. d5 Rb6 33. Rd1 Nxb2 34. e6+ fxe6 35. dxe6+ Kc7 36. Rc1+ Kb8 37. e7 Ka7 38. e8=Q Rxe8 39. Qxe8 Nd3 40. Rxd3 1-0

[Event "Biel op"]
[Site "Biel"]
[Date "1995.??.??"]
[Round "9"]
[White "Romanishin, Oleg M"]
[Black "Smagin, Sergey"]
[Result "1/2-1/2"]
[WhiteElo "2580"]
[BlackElo "2545"]
[PlyCount "111"]
[EventDate "1995.07.??"]
[Source "ChessBase"]

1. e4 c6 2. Nc3 d5 3. Nf3 dxe4 4. Nxe4 Nd7 5. Bc4 e6 6. Qe2 Ngf6 7. d3 Nxe4 8. dxe4 Be7 9. O-O Qc7 10. a4 a5 11. e5 h6 12. Re1 Nc5 13. Nd4 Bd7 14. c3 g6 15. Qf3 Rb8 16. Bf1 h5 17. Bd2 Ra8 18. b3 Bc8 19. Bc4 Bd7 20. g3 Qd8 21. Rad1 Na6 22. Bd3 Nc7 23. Be4 Ra6 24. c4 Bg5 25. Nb5 cxb5 26. axb5 Nxb5 27. cxb5 Bxb5 28. Bxb7 O-O 29. Bxa6 Bxa6 30. Qc6 Bxd2 31. Qxa6 Bxe1 32. Rxd8 Rxd8 33. Qb6 Rd5 34. f4 Bb4 35. Qc6 Rd2 36. Qc4 Kg7 37. h3 Rd5 38. Kg2 Rc5 39. Qd3 Rc3 40. Qd1 Rc5 41. g4 hxg4 42. hxg4 Rd5 43. Qf3 Rd2+ 44. Kf1 Kg8 45. Qg3 Kf8 46. Qh4 Kg8 47. Qg5 Kf8 48. Qf6 Kg8 49. Qg5 Kf8 50. Qf6 Kg8 51. f5 gxf5 52. gxf5 exf5 53. Qxf5 Kg7 54. Qf4 Kg8 55. Qf6 Ra2 56. Qg5+ 1/2-1/2

[Event "España-ch A"]
[Site "Sevilla"]
[Date "2004.08.17"]
[Round "5.3"]
[White "Perez Candelario, Manuel"]
[Black "Illescas Cordoba, Miguel"]
[Result "0-1"]
[WhiteElo "2498"]
[BlackElo "2618"]
[PlyCount "112"]
[EventDate "2004.08.13"]
[Source "Roberto Alvarez"]
[SourceDate "2004.08.24"]

1. e4 c6 2. Nc3 d5 3. f4 dxe4 4. Nxe4 Nf6 5. Nf2 Qc7 6. g3 g6 7. Nf3 Bg7 8. Bg2 O-O 9. O-O Ng4 10. h3 Nxf2 11. Rxf2 c5 12. d3 Nc6 13. c3 b6 14. Be3 Bb7 15. h4 e6 16. h5 Ne7 17. hxg6 hxg6 18. Rd2 Rad8 19. Bf2 Bc6 20. Kh2 Bf6 21. Qe2 Rd7 22. Rad1 Rfd8 23. Kg1 Qb7 24. g4 Bxf3 25. Bxf3 Qc7 26. Bg3 b5 27. Qh2 Qb6 28. Bh4 Bg7 29. Qh3 b4 30. c4 b3 31. axb3 Qxb3 32. Kh1 f6 33. Qf1 Kf7 34. Bf2 Qb8 35. Bxc5 Rh8+ 36. Kg1 Qxf4 37. Qf2 Rh3 38. Be2 Qh6 39. Bf3 Qf4 40. Be2 Qg5 41. d4 Nf5 42. Rd3 Ne3 43. d5 Nxd1 44. dxe6+ Kxe6 45. Rxd7 Kxd7 46. Qd4+ Ke8 47. Bxd1 Qe5 48. Qxe5+ fxe5 49. Bxa7 e4 50. Bc2 Bxb2 51. Bxe4 Kf7 52. Bf2 Be5 53. c5 Rc3 54. c6 Kf6 55. Bh4+ g5 56. Be1 Re3 0-1

[Event "Uzhgorod"]
[Site "Uzhgorod"]
[Date "1988.??.??"]
[Round "?"]
[White "Balashov, Yuri S"]
[Black "Hansen, Curt"]
[Result "1/2-1/2"]
[WhiteElo "2555"]
[BlackElo "2560"]
[PlyCount "74"]
[EventDate "1988.09.??"]
[Source "www.chesslib.no"]
[SourceDate "2004.05.04"]

1. e4 c6 2. Nc3 d5 3. Nf3 dxe4 4. Nxe4 Nf6 5. Ng3 g6 6. Bc4 Bg7 7. d4 O-O 8. O-O Bg4 9. c3 a5 10. h3 Bxf3 11. Qxf3 Nbd7 12. Re1 e6 13. a4 Nb6 14. Bb3 Nbd5 15. c4 Nb4 16. Bg5 h6 17. Be3 b6 18. Rad1 Ra7 19. Bf4 Rd7 20. Be5 Nh7 21. Qe3 Qa8 22. Ne4 Rfd8 23. c5 Nd5 24. Qg3 Qa7 25. Rc1 Nf8 26. Bxd5 Rxd5 27. cxb6 Qxb6 28. Bc7 Qxb2 29. Bxd8 Rxd8 30. Qc3 Qxc3 31. Rxc3 Rxd4 32. Nc5 Nd7 33. Nxd7 Rxd7 34. Rxc6 Rd2 35. Rc8+ Kh7 36. Rc7 Kg8 37. Rc8+ Kh7 1/2-1/2

[Event "Deutschland"]
[Site "?"]
[Date "1995.??.??"]
[Round "?"]
[White "Kupreichik, V."]
[Black "Hort, V."]
[Result "1-0"]
[WhiteElo "2500"]
[BlackElo "2565"]
[PlyCount "55"]
[EventDate "1995.??.??"]
[Source "ChessBase"]
[SourceDate "1995.02.01"]

1. e4 c6 2. Nc3 d5 3. Nf3 dxe4 4. Nxe4 Nf6 5. Nxf6+ exf6 6. d4 Bg4 7. Be2 Bd6 8. h3 Bh5 9. Nh4 Bg6 10. Be3 f5 11. g3 f4 12. Nxg6 hxg6 13. gxf4 Nd7 14. Qd3 Qa5+ 15. Bd2 Qf5 16. O-O-O Bxf4 17. Qa3 Bxd2+ 18. Rxd2 Qf4 19. Bc4 O-O-O 20. Qxa7 Rh5 21. Rhd1 Kc7 22. Ba6 Rb8 23. Be2 Rg5 24. c4 Re8 25. h4 Rf5 26. Kb1 Nb6 27. d5 Qe4+ 28. Bd3 1-0

[Event "Ubeda op"]
[Site "Ubeda"]
[Date "1999.01.24"]
[Round "5"]
[White "De la Villa Garcia, Jesus Maria"]
[Black "Burmakin, Vladimir"]
[Result "1/2-1/2"]
[WhiteElo "2500"]
[BlackElo "2560"]
[PlyCount "120"]
[EventDate "1999.01.??"]
[Source "ChessBase"]
[SourceDate "1999.03.01"]

1. e4 c6 2. Nc3 d5 3. Nf3 dxe4 4. Nxe4 Bg4 5. h3 Bh5 6. Ng3 Bxf3 7. Qxf3 Nf6 8. Bc4 e6 9. O-O Nbd7 10. Re1 Qa5 11. Qe2 Nb6 12. Bb3 Bd6 13. d4 O-O 14. Bd2 Bb4 15. c3 Bd6 16. Rad1 Rfe8 17. Qf3 Qb5 18. Bc1 a5 19. Bc2 Qd5 20. Qd3 a4 21. b3 axb3 22. axb3 Nbd7 23. Nf1 Bc7 24. Ne3 Qh5 25. Ng4 Nxg4 26. hxg4 Qh2+ 27. Kf1 Nf6 28. Qh3 Qxh3 29. gxh3 Nd5 30. c4 Nc3 31. Rd3 Na2 32. Bd2 Ba5 33. d5 Nb4 34. Bxb4 Bxb4 35. Re4 e5 36. dxc6 bxc6 37. Rd7 Bc3 38. Re3 Bd4 39. Rf3 f6 40. Be4 Ra1+ 41. Kg2 Rc8 42. g5 Re1 43. Bf5 e4 44. Rf4 Be5 45. gxf6 Bxf6 46. Bxh7+ Kxh7 47. Rxf6 e3 48. Rff7 Rg8 49. Rde7 exf2 50. Kxf2 Rc1 51. Rb7 Rc3 52. Rf3 Rc2+ 53. Kg3 Rd8 54. Kf4 Re2 55. Rf7 Rdd2 56. Rf5 Kh6 57. Re5 Rd4+ 58. Kf5 g6+ 59. Ke6 Red2 60. Kf6 R2d3 1/2-1/2

[Event "Aeroflot Open"]
[Site "Moscow"]
[Date "2004.02.18"]
[Round "2"]
[White "Dvoirys, Semen I"]
[Black "Popov, Ivan1"]
[Result "1-0"]
[WhiteElo "2594"]
[BlackElo "2460"]
[PlyCount "101"]
[EventDate "2004.02.17"]
[Source "Roberto Alvarez"]
[SourceDate "2004.03.01"]

1. e4 c6 2. Nc3 d5 3. d3 e6 4. Nf3 Nf6 5. Bd2 Qc7 6. g3 Nbd7 7. Bg2 Bd6 8. O-O O-O 9. Qe2 Re8 10. Rfe1 dxe4 11. Nxe4 Nxe4 12. Qxe4 Nf6 13. Qh4 Be7 14. d4 Bd7 15. Ne5 Red8 16. Bg5 Be8 17. c3 Nd5 18. Bxe7 Qxe7 19. Qxe7 Nxe7 20. a4 Rac8 21. a5 Rc7 22. f4 Kf8 23. Red1 Nf5 24. Kf2 Ke7 25. Re1 Kf8 26. Re2 Nd6 27. Nd3 Rcc8 28. Ne5 Rc7 29. Rd2 Ke7 30. Ke1 Nf5 31. Be4 Nd6 32. Bf3 Nf5 33. Nc4 Kd7 34. Be4 Nd6 35. Nxd6 Kxd6 36. b4 f6 37. Kf2 Bg6 38. Bf3 Re7 39. Re1 Rde8 40. Re3 Kc7 41. Rde2 Kd6 42. c4 Bf5 43. g4 Bg6 44. c5+ Kc7 45. b5 Bf7 46. a6 Rd8 47. axb7 Rxd4 48. bxc6 Rxf4 49. Rb2 Re8 50. Rd3 Ra8 51. Ke1 1-0

[Event "ch-NED Open"]
[Site "Dieren"]
[Date "2003.07.30"]
[Round "8"]
[White "Tiviakov, Sergei"]
[Black "L'Ami, Erwin"]
[Result "0-1"]
[WhiteElo "2613"]
[BlackElo "2439"]
[PlyCount "104"]
[EventDate "2003.07.22"]
[Source "Roberto Alvarez"]
[SourceDate "2003.07.28"]

1. e4 c6 2. Nc3 d5 3. f4 dxe4 4. Nxe4 Nf6 5. Nxf6+ exf6 6. d4 Bd6 7. Bd3 O-O 8. Qf3 a5 9. Ne2 Na6 10. a3 f5 11. Be3 Nc7 12. O-O Be6 13. Bf2 a4 14. c4 g6 15. Nc3 Re8 16. Rfd1 Qf6 17. Bf1 h5 18. h4 Kh7 19. Rd2 Kg8 20. g3 Bd7 21. Rad1 Kh7 22. Bg2 Kg8 23. Qd3 Ra6 24. Qc2 b5 25. c5 Bf8 26. d5 cxd5 27. Bd4 Qe6 28. Na2 Bc6 29. Nb4 Ra7 30. Kh2 Na6 31. Nd3 Bg7 32. Bxg7 Kxg7 33. Ne5 Rae7 34. Qc3 f6 35. Nxc6 Qxc6 36. Rxd5 Re2 37. Qf3 Kh6 38. Kh3 Rxb2 39. R5d3 Qxf3 40. Bxf3 Nxc5 41. Rc3 Ne4 42. Bxe4 Rxe4 43. Rc5 Ree2 44. Rh1 Red2 45. Rc3 Ra2 46. Rc5 Rdb2 47. Rc3 Rb3 48. Rxb3 axb3 49. Rd1 b2 50. Rb1 Kg7 51. Kg2 Kf7 52. Kf2 Ke6 0-1

[Event "URS-ch otbor"]
[Site "Beltsy"]
[Date "1979.??.??"]
[Round "?"]
[White "Zhuravliov, Valerij"]
[Black "Kholmov, Ratmir D"]
[Result "0-1"]
[WhiteElo "2490"]
[BlackElo "2550"]
[PlyCount "72"]
[EventDate "1979.??.??"]
[Source "ChessBase"]

1. e4 c6 2. Nc3 d5 3. Nf3 dxe4 4. Nxe4 Nf6 5. Nxf6+ exf6 6. Bc4 Bd6 7. Qe2+ Qe7 8. Qxe7+ Kxe7 9. O-O Be6 10. Re1 Kd7 11. Bf1 a5 12. d4 Na6 13. a3 b5 14. Be3 a4 15. Rec1 Rhb8 16. Ne1 g5 17. Nd3 h6 18. Bd2 Bc4 19. g3 h5 20. Bh3+ Be6 21. Bg2 Rc8 22. Be4 f5 23. Bg2 f6 24. Bb4 Bc4 25. Bf1 Re8 26. c3 Re7 27. Rd1 Nxb4 28. axb4 Bb3 29. Rd2 Rae8 30. Bh3 g4 31. Bf1 Kc7 32. Nc1 Bd5 33. Nd3 h4 34. Rdd1 Rh7 35. Rd2 hxg3 36. fxg3 Bxg3 0-1

[Event "Corr"]
[Site "?"]
[Date "1996.11.01"]
[Round "?"]
[White "Cayford Richard Anthony (US"]
[Black "Sychev Anatoly Viktorovich"]
[Result "0-1"]
[WhiteElo "2525"]
[BlackElo "2510"]
[PlyCount "104"]
[EventDate "1996.??.??"]
[Source "www.chesslib.no"]
[SourceDate "2004.05.04"]

1. e4 c6 2. Nc3 d5 3. Qf3 dxe4 4. Nxe4 Nd7 5. Ne2 Ndf6 6. N2g3 Bg4 7. Qf4 Qb8 8. Qxb8+ Rxb8 9. b3 g6 10. Bb2 Bg7 11. h3 Bc8 12. O-O-O Kf8 13. Re1 Nxe4 14. Nxe4 Bxb2+ 15. Kxb2 Kg7 16. Bc4 Nf6 17. Ng5 e6 18. d4 b6 19. Nf3 Bb7 20. Re3 Rhd8 21. Rhe1 Rbc8 22. b4 c5 23. dxc5 bxc5 24. b5 Nd5 25. Ra3 Nb6 26. Bf1 Bxf3 27. gxf3 Rc7 28. Rd3 Rxd3 29. cxd3 Kf6 30. Re4 Ke7 31. Kb3 f5 32. Re1 Kd6 33. a4 Nd5 34. Kc4 g5 35. a5 h5 36. Rb1 h4 37. Rb2 e5 38. Rb1 Rb7 39. Rb2 Nf4 40. Rb1 Nd5 41. Rb2 Nb4 42. Bg2 f4 43. Rd2 a6 44. b6 Nc6 45. Ra2 Nd4 46. Ra1 Rd7 47. Re1 Nc2 48. Re4 Na3+ 49. Kb3 Nb5 50. Kc4 Re7 51. Re1 Kc6 52. Bf1 Rd7 0-1

[Event "Creon FRA"]
[Site "?"]
[Date "1999.08.??"]
[Round "5"]
[White "Nevednichy Vladislav"]
[Black "Rausis Igors"]
[Result "1-0"]
[WhiteElo "2537"]
[BlackElo "2496"]
[PlyCount "83"]
[EventDate "1999.??.??"]
[Source "www.chesslib.no"]
[SourceDate "2004.05.04"]

1. e4 c6 2. Nc3 d5 3. Nf3 Nf6 4. e5 Ne4 5. Ne2 Bf5 6. Ned4 e6 7. d3 Nc5 8. Be2 Be7 9. c3 Bg6 10. h4 h5 11. Ng5 Qc7 12. f4 a5 13. O-O Qb6 14. Kh2 Bxg5 15. hxg5 Nbd7 16. b3 h4 17. Be3 Qc7 18. b4 axb4 19. cxb4 Na4 20. Qd2 Nab6 21. Rac1 Qb8 22. Kh1 Nc8 23. Bg4 Ne7 24. Rc3 Bf5 25. Bxf5 Nxf5 26. Nxf5 exf5 27. b5 cxb5 28. Rb3 Ra4 29. Rxb5 Qa8 30. Kh2 d4 31. Bf2 O-O 32. Rfb1 b6 33. R1b2 Qc6 34. R5b4 Rxb4 35. Qxb4 Ra8 36. Qxd4 Nc5 37. Bxh4 Kh7 38. Bf2 Ra4 39. Qe3 Qe6 40. Qh3+ Kg6 41. Bxc5 bxc5 42. Rb8 1-0

[Event "Memorial M.Najdorf (open)"]
[Site "Grodzisk Mazowiecki (Poland)"]
[Date "2007.07.21"]
[Round "2"]
[White "Grabarczyk Bogdan (POL)"]
[Black "Macieja Bartlomiej (POL)"]
[Result "0-1"]
[WhiteElo "2437"]
[BlackElo "2596"]
[PlyCount "74"]
[EventDate "2007.??.??"]
[Source "www.chesslib.no"]
[SourceDate "2004.05.04"]

1. e4 c6 2. Nc3 d5 3. Nf3 a6 4. d4 Bg4 5. h3 Bh5 6. e5 e6 7. Be3 Nd7 8. Be2 c5 9. O-O Rc8 10. Re1 Bxf3 11. Bxf3 cxd4 12. Bxd4 Bc5 13. Ne2 Ne7 14. c3 Qb6 15. Bxc5 Rxc5 16. Nf4 O-O 17. Qd2 Rfc8 18. Bd1 Qc7 19. Nd3 Rc4 20. Bb3 Re4 21. Rxe4 dxe4 22. Nf4 Nc5 23. Rd1 g6 24. Qd6 Nxb3 25. axb3 Nc6 26. Re1 Qxd6 27. exd6 Rd8 28. Rxe4 Rxd6 29. Re3 Rd1+ 30. Kh2 Na5 31. b4 Nc4 32. Rd3 Nxb2 33. Rf3 e5 34. Ne2 f5 35. g4 Nc4 36. Kg2 f4 37. g5 Nd2 0-1

[Event "Bucharest ROM"]
[Site "?"]
[Date "2006.05.14"]
[Round "10"]
[White "Lupulescu Constantin"]
[Black "Manolache Marius"]
[Result "1-0"]
[WhiteElo "2534"]
[BlackElo "2492"]
[PlyCount "135"]
[EventDate "2006.??.??"]
[Source "www.chesslib.no"]
[SourceDate "2004.05.04"]

1. e4 c6 2. Nc3 d6 3. d4 g6 4. Be3 Nf6 5. f3 a5 6. a4 Na6 7. Qd2 h5 8. Bc4 Nb4 9. Nge2 Bg7 10. Bb3 d5 11. e5 Nd7 12. Nd1 Qb6 13. O-O Na6 14. Ba2 Nf8 15. c3 Bf5 16. Nf2 Nc7 17. Ng3 h4 18. Nxf5 gxf5 19. Bb1 e6 20. Bc2 Ng6 21. Nd3 Na6 22. Rfb1 Qa7 23. b4 b6 24. Ra2 Nb8 25. b5 cxb5 26. Rxb5 Nd7 27. Nc1 Rc8 28. Ne2 Qc7 29. Bd3 Kf8 30. Rb1 Kg8 31. Rab2 Kh7 32. Rb3 Qd8 33. Bg5 Qf8 34. Bb5 Nb8 35. Nf4 Kg8 36. R1b2 Bh6 37. Nh5 Bxg5 38. Qxg5 Qh6 39. Qxh6 Rxh6 40. Nf6+ Kg7 41. Bf1 Nf8 42. Rxb6 Nbd7 43. Nxd7 Nxd7 44. Rb7 Nf8 45. R2b3 f4 46. h3 Ng6 47. Ra7 Rh5 48. Rxa5 Rhh8 49. Rab5 Ra8 50. a5 Ne7 51. Bd3 Nc6 52. Ra3 Rhb8 53. a6 Rxb5 54. Bxb5 Na7 55. Ba4 Kf8 56. Kf2 Kg7 57. Rb3 Nc8 58. Bb5 Ra7 59. Bd3 Rc7 60. Ke2 Kf8 61. Rb7 Rxc3 62. Kd2 Rc6 63. Bb5 Rb6 64. Rxb6 Nxb6 65. a7 Ke7 66. Bc6 Kd8 67. Kc3 Kc7 68. a8=Q 1-0

[Event "Troll Masters"]
[Site "Gausdal"]
[Date "2000.01.14"]
[Round "7"]
[White "Krakops, Maris"]
[Black "Rausis, Igors"]
[Result "1/2-1/2"]
[WhiteElo "2530"]
[BlackElo "2496"]
[PlyCount "72"]
[EventDate "2000.01.10"]
[Source "ChessBase"]
[SourceDate "2000.03.10"]

1. e4 c6 2. Nc3 d5 3. Nf3 Nf6 4. e5 Ne4 5. Ne2 Bf5 6. Nfd4 e6 7. h4 h5 8. Nxf5 exf5 9. d4 Be7 10. g3 Nd7 11. f3 Nxg3 12. Nxg3 Bxh4 13. Bf4 Nf8 14. Qd2 Ne6 15. Qh2 g5 16. O-O-O gxf4 17. Nxf5 Be7 18. Bh3 Bf8 19. Kb1 Qd7 20. Bg4 O-O-O 21. Bxh5 Kb8 22. Qd2 c5 23. Bg4 Rxh1 24. Rxh1 Qb5 25. Rd1 a6 26. c3 Qa4 27. Rh1 Ka7 28. Rh2 Rd7 29. a3 Qb5 30. Rh1 Rd8 31. Ka1 Qa5 32. Nd6 Bxd6 33. Bxe6 fxe6 34. exd6 cxd4 35. Qxd4+ Qb6 36. Qxf4 Qxd6 1/2-1/2

[Event "Bad Woerishofen Open"]
[Site "Bad Woerishofen GER"]
[Date "1992.??.??"]
[Round "7"]
[White "Hickl, Joerg"]
[Black "Hansen, Lars Bo"]
[Result "1/2-1/2"]
[WhiteElo "2515"]
[BlackElo "2510"]
[PlyCount "77"]
[EventDate "1992.03.??"]
[Source "www.chesslib.no"]
[SourceDate "2004.05.04"]

1. e4 c6 2. Nc3 d5 3. Nf3 dxe4 4. Nxe4 Nf6 5. Nxf6+ exf6 6. Bc4 Be7 7. d4 O-O 8. c3 Re8 9. O-O Bd6 10. h3 Nd7 11. Qc2 Nf8 12. Bd2 Be6 13. Bxe6 fxe6 14. c4 Ng6 15. Rad1 Qd7 16. Bc3 Qf7 17. Rfe1 b5 18. b3 Rac8 19. g3 Ne7 20. Qe4 Ng6 21. Qc2 Ne7 22. Qe4 Ng6 23. Qd3 bxc4 24. bxc4 Rcd8 25. Kg2 Qb7 26. h4 Nh8 27. Re3 c5 28. Qe4 Qf7 29. Red3 Rc8 30. dxc5 Bxc5 31. Rd7 Re7 32. Qb7 Qe8 33. h5 Nf7 34. Rxe7 Bxe7 35. Qe4 Bc5 36. Re1 e5 37. Rd1 Qe6 38. Rd5 Bf8 39. Nd2 1/2-1/2

[Event "It (open)"]
[Site "Callao (Peru)"]
[Date "2007.08.14"]
[Round "9"]
[White "Felgaer Ruben (ARG)"]
[Black "Lafuente Pablo (ARG)"]
[Result "1/2-1/2"]
[WhiteElo "2559"]
[BlackElo "2454"]
[PlyCount "42"]
[EventDate "2007.??.??"]
[Source "www.chesslib.no"]
[SourceDate "2004.05.04"]

1. e4 c6 2. Nc3 d5 3. Nf3 dxe4 4. Nxe4 Bf5 5. Ng3 Bg4 6. Bc4 e6 7. O-O Nf6 8. h3 Bxf3 9. Qxf3 Be7 10. c3 O-O 11. d4 Nbd7 12. Re1 Re8 13. Bd2 Qb6 14. Rab1 Rad8 15. Re2 Bd6 16. Bb3 c5 17. dxc5 Bxc5 18. Bc2 Ne5 19. Rxe5 Rxd2 20. Re2 Red8 21. b4 Bf8 1/2-1/2

[Event "EU-ch 2nd"]
[Site "Ohrid"]
[Date "2001.06.14"]
[Round "13"]
[White "Galego, Luis"]
[Black "Galkin, Alexander"]
[Result "1/2-1/2"]
[WhiteElo "2429"]
[BlackElo "2584"]
[PlyCount "24"]
[EventDate "2001.06.01"]
[Source "ChessBase"]
[SourceDate "2001.09.13"]

1. e4 c6 2. Nc3 d5 3. Qf3 dxe4 4. Nxe4 Nd7 5. d4 Ndf6 6. Nxf6+ Nxf6 7. c3 Qd5 8. Bd3 g6 9. Bf4 Bf5 10. Bxf5 Qxf5 11. Be5 Qxf3 12. Nxf3 Bg7 1/2-1/2

[Event "Corr"]
[Site "?"]
[Date "1996.11.01"]
[Round "?"]
[White "Cayford Richard Anthony (US"]
[Black "Maes Valeer (BEL)"]
[Result "0-1"]
[WhiteElo "2525"]
[BlackElo "2470"]
[PlyCount "78"]
[EventDate "1996.??.??"]
[Source "www.chesslib.no"]
[SourceDate "2004.05.04"]

1. e4 c6 2. Nc3 d5 3. Qf3 dxe4 4. Nxe4 Nd7 5. Ne2 Ngf6 6. N2g3 g6 7. d4 Bg7 8. c3 O-O 9. Bc4 Nd5 10. O-O e5 11. Rd1 f5 12. Nd6 e4 13. Qe2 N7b6 14. Nxc8 Nxc4 15. Qxc4 Rxc8 16. Qb3 Qe7 17. Re1 Qf7 18. Bd2 Rfe8 19. Re2 c5 20. dxc5 Rxc5 21. Rd1 Be5 22. Nf1 Nf6 23. Qxf7+ Kxf7 24. Be3 Ra5 25. a3 f4 26. Bc1 Bc7 27. Nd2 Rd5 28. Rde1 g5 29. h3 h5 30. Kf1 Rde5 31. b4 g4 32. c4 e3 33. fxe3 fxe3 34. Nb3 gxh3 35. gxh3 Rf5+ 36. Kg1 Rg8+ 37. Rg2 Rxg2+ 38. Kxg2 Rf2+ 39. Kh1 e2 0-1

[Event "BL2-O 9899"]
[Site "?"]
[Date "1999.03.21"]
[Round "8.1"]
[White "Mischustov Michael"]
[Black "Khenkin Igor"]
[Result "1-0"]
[WhiteElo "2380"]
[BlackElo "2600"]
[PlyCount "73"]
[EventDate "1999.??.??"]
[Source "www.chesslib.no"]
[SourceDate "2004.05.04"]

1. e4 c6 2. Nc3 d5 3. Nf3 Nf6 4. e5 Ne4 5. Ne2 Bf5 6. d3 Nc5 7. h3 e6 8. g4 Bg6 9. Nf4 Be7 10. h4 h6 11. Nxg6 fxg6 12. g5 h5 13. Nd4 Nba6 14. Bh3 Nc7 15. Be3 a5 16. O-O O-O 17. c3 a4 18. Ne2 Nd7 19. d4 Re8 20. Qd3 Nf8 21. Nf4 Kf7 22. Rfe1 Qd7 23. Bd2 Rec8 24. Re3 Qe8 25. Rf3 Kg8 26. Re1 b6 27. Ree3 c5 28. Ne2 Nh7 29. Rf4 c4 30. Qb1 a3 31. bxa3 b5 32. Bc1 Bxa3 33. Bxa3 Rxa3 34. Ref3 Rca8 35. Qb4 R8a6 36. Qc5 Rc6 37. Qxa3 1-0

[Event "FRA-chT N2 2003/2004"]
[Site "FRA"]
[Date "2004.03.13"]
[Round "8.2"]
[White "Mainka, Romuald"]
[Black "Zelcic, Robert"]
[Result "1/2-1/2"]
[WhiteElo "2456"]
[BlackElo "2524"]
[PlyCount "110"]
[EventDate "2004.10.12"]
[Source "Roberto Alvarez"]
[SourceDate "2004.09.15"]

1. e4 c6 2. Nc3 d5 3. Qe2 d4 4. Nd1 e5 5. d3 Bd6 6. g3 Qc7 7. Bh3 Bd7 8. Bxd7+ Nxd7 9. Nh3 Ne7 10. f4 O-O-O 11. Bd2 Kb8 12. O-O f6 13. c3 c5 14. cxd4 cxd4 15. Rc1 Qb6 16. b4 exf4 17. gxf4 g5 18. Nb2 Bxf4 19. Nc4 Qe6 20. Bxf4+ gxf4 21. Nxf4 Qf7 22. Kh1 Ne5 23. Nxe5 fxe5 24. Nd5 Qe8 25. Nf6 Qg6 26. Rf2 h5 27. a4 Qh6 28. Rg1 Qe3 29. Qf1 Ka8 30. b5 Rhf8 31. Rf3 Qh6 32. a5 Rf7 33. Nd5 Rxf3 34. Qxf3 Nxd5 35. exd5 Qd6 36. Rg5 h4 37. Kg2 Kb8 38. Qe4 Qxd5 39. Rxe5 Rg8+ 40. Kh3 Qd7+ 41. Qf5 Qg7 42. Re2 Rf8 43. b6 Qg8 44. Qe5+ Ka8 45. Qh5 Rd8 46. Re7 Rb8 47. Qf5 a6 48. Qe6 Qf8 49. Rf7 Qg8 50. Qc4 Rd8 51. Rd7 Qe8 52. Rxd8+ Qxd8 53. Qc7 Qf8 54. Qe5 Qf3+ 55. Kxh4 Qg4+ 1/2-1/2